|
|
|
|
| LEADER |
01726nam a2200397 i 4500 |
| 001 |
EBC5526999 |
| 003 |
MiAaPQ |
| 005 |
20200520144314.0 |
| 006 |
m o d | |
| 007 |
cr cnu|||||||| |
| 008 |
181015s2016 nyuab o 000 0 eng d |
| 020 |
|
|
|z 9781630479343
|
| 020 |
|
|
|a 9781630479350
|q (electronic bk.)
|
| 035 |
|
|
|a (MiAaPQ)EBC5526999
|
| 035 |
|
|
|a (Au-PeEL)EBL5526999
|
| 035 |
|
|
|a (CaPaEBR)ebr11613144
|
| 035 |
|
|
|a (OCoLC)1056068453
|
| 040 |
|
|
|a MiAaPQ
|b eng
|e rda
|e pn
|c MiAaPQ
|d MiAaPQ
|
| 050 |
|
4 |
|a TX945.5.N37
|b .H363 2016
|
| 082 |
0 |
|
|a 641.6609747
|2 23
|
| 100 |
1 |
|
|a Handwerker, William,
|e author.
|
| 245 |
1 |
0 |
|a Nathan's Famous :
|b the first 100 years : an unauthorized view of America's favorite frankfurter company /
|c William Handwerker.
|
| 264 |
|
1 |
|a New York :
|b Morgan James Publishing,
|c [2016]
|
| 264 |
|
4 |
|c 2016
|
| 300 |
|
|
|a 1 online resource (xx, 192 pages) :
|b illustrations, maps
|
| 336 |
|
|
|a text
|b txt
|2 rdacontent
|
| 337 |
|
|
|a computer
|b c
|2 rdamedia
|
| 338 |
|
|
|a online resource
|b cr
|2 rdacarrier
|
| 588 |
|
|
|a Description based on print version record.
|
| 590 |
|
|
|a Electronic reproduction. Ann Arbor, MI : ProQuest, 2018. Available via World Wide Web. Access may be limited to ProQuest affiliated libraries.
|
| 600 |
1 |
0 |
|a Handwerker, Nathan,
|d 1892-1974.
|
| 610 |
2 |
0 |
|a Nathan's Famous.
|
| 655 |
|
4 |
|a Electronic books.
|
| 776 |
0 |
8 |
|i Print version:
|a Handwerker, William.
|t Nathan's Famous : the first 100 years : an unauthorized view of America's favorite frankfurter company.
|d New York : Morgan James Publishing, c2016
|h xx, 192 pages
|z 9781630479343
|
| 797 |
2 |
|
|a ProQuest (Firm)
|
| 856 |
4 |
0 |
|u https://ebookcentral.proquest.com/lib/matrademy/detail.action?docID=5526999
|z Click to View
|